[Event "Dzerzhinsk Samarina Memorial"]
[Site "Dzerzhinsk"]
[Date "2015.12.19"]
[Round "8"]
[White "Tolmachev, Alexander"]
[Black "Muratov, Evgeny"]
[Result "1-0"]
[WhiteElo "1734"]
[BlackElo "1708"]
[PlyCount "127"]
[EventDate "2015.12.03"]
[EventType "swiss"]
[EventRounds "9"]
[EventCountry "RUS"]
[SourceTitle "EXT 2022"]
[Source "ChessBase"]
[SourceDate "2021.10.06"]
[SourceVersion "1"]
[SourceVersionDate "2021.10.06"]
[SourceQuality "1"]

1. e4 d5 2. exd5 Qxd5 3. Nc3 Qd8 4. Bc4 e6 5. Nf3 Nf6 6. d4 Be7 7. 0-0 0-0 8. Bg5 Nbd7 9. Re1 Nb6 10. Bb3 h6 11. Bh4 c6 12. Qe2 Nbd5 13. Nxd5 cxd5 14. Ne5 Bd7 15. c3 a6 16. Bc2 Bb5 17. Qf3 Nd7 18. Bxe7 Qxe7 19. Ng4 Qg5 20. Rad1 Rae8 21. a4 Bc6 22. Qd3 g6 23. h3 f5 24. Ne5 Nxe5 25. Rxe5 Rf6 26. Rde1 Qh4 27. Bd1 g5 28. Bb3 Qh5 29. Bd1 Qg6 30. Bc2 Qf7 31. R1e3 h5 32. Rg3 g4 33. hxg4 hxg4 34. f3 Kf8 35. fxg4 fxg4 36. Rxg4 b5 37. b3 Ke7 38. Reg5 Kd8 39. Rg7 Qh5 40. Qg3 e5 41. Rh7 Rh6 42. Rxh6 Qxh6 43. Qh4+ Qxh4 44. Rxh4 e4 45. Rh7 Bd7 46. Rh6 Be6 47. Rh7 Bd7 48. Kf2 Kc7 49. Rg7 bxa4 50. bxa4 Rb8 51. Ke3 Rb2 52. Bd1 Kc6 53. Rg6+ Kb7 54. Rg7 Kc6 55. Be2 Ra2 56. Rg6+ Kc7 57. Rxa6 Rxa4 58. Rxa4 Bxa4 59. c4 Bb3 60. cxd5 Bxd5 61. Bg4 Kd6 62. Bf5 Bf7 63. Bxe4 Bh5 64. Kf4 1-0

[Event "Dzerzhinsk Samarina Memorial"]
[Site "Dzerzhinsk"]
[Date "2015.12.13"]
[Round "6"]
[White "Rjabyh, Ilja"]
[Black "Tolmachev, Alexander"]
[Result "0-1"]
[WhiteElo "1715"]
[BlackElo "1734"]
[PlyCount "86"]
[EventDate "2015.12.03"]
[EventType "swiss"]
[EventRounds "9"]
[EventCountry "RUS"]
[SourceTitle "EXT 2022"]
[Source "ChessBase"]
[SourceDate "2021.10.06"]
[SourceVersion "1"]
[SourceVersionDate "2021.10.06"]
[SourceQuality "1"]

1. e4 c5 2. Nf3 Nc6 3. d4 cxd4 4. Nxd4 Nf6 5. Nc3 e5 6. Nf3 Bb4 7. Bd2 d6 8. Bd3 0-0 9. a3 Ba5 10. 0-0 Bg4 11. h3 Bxf3 12. Qxf3 Nd4 13. Qd1 Qd7 14. Ne2 Nxe2+ 15. Qxe2 Bxd2 16. Qxd2 Rac8 17. Rad1 Rfd8 18. f4 Qc6 19. Qe3 a6 20. fxe5 dxe5 21. g4 h6 22. Qf3 Qe6 23. Rf2 Rd4 24. c3 Rdd8 25. Rfd2 Rd7 26. Bc2 Rxd2 27. Rxd2 Qb6+ 28. Kf1 Qxb2 29. Qf5 Re8 30. Ke2 Qxc3 31. Bd3 Qxa3 32. Rc2 Qe7 33. Rc8 b5 34. h4 g6 35. Rxe8+ Nxe8 36. Qc8 Qe6 37. Qxe6 fxe6 38. h5 gxh5 39. gxh5 Nf6 40. Kd2 Nxh5 41. Kc3 Nf4 42. Bf1 h5 43. Kb4 h4 0-1